000 00672nam a22002537a 4500
003 UA-OsUOA
001 40587
007 ta
008 20060811b un ||||| |||| 00| 0 ukr d
100 _aРябов С.Г.
090 _a32(031)(038)
_bР98
942 _cBK
040 _aUA-OsUOA
_bukr
_cUA-OsUOA
_dUA-OsUOA
245 _aПолітологія
_bсловник понять і термінів
300 _a256 с.
955 _a2
041 _aukr
080 _a32(031)(038)
020 _a966-518-093-2
260 _aК.
_bКМА
_c2001
250 _n2-ге вид.переробл. і допов.
650 7 _a32 Політика
_2UDC
999 _c326728
_d326728